00998nam a2200229 a 450000100100000000500170001000800410002702000180006804000250008608200110011110000310012224500600015324600180021326000400023130000370027150000700030859000250037895201240040395201090052795201150063699900170075100004860920201002061256.0190403s2015 dr ac 000 0 spa d a9789945481631 aDO-SdBNPbspacBNPHU axxbxx1 aSoto Tejeda, Marcos97606414aLos apodos en San José de Ocoa /cMarcos Soto Tejeda.14aEl Guayacán aSanto Domingo :bCentenario,c2015. a175 p. :bils., retrs. ;c23 cm. aIncluye datos biográficos del autor en la solapa de la cubierta aInventariado,2019/VM 001054708DSaGRbGRcHDd2019-04-03iLF1l0oxx xxp48609-30r2020-06-25te. 3w2020-06-25yLFDSZPréstamo en sala 0010718PDaPDbPDcHDd2019-04-03iLF1l0oxx xxp48609-10r2020-06-25w2020-06-25yLFPDZNo se presta 0010718PDaPDbPDcHDd2019-04-03iLF1l0oxx xxp48609-20r2020-06-25te. 2w2020-06-25yLFPDZNo se presta c48097d48097